banner-ar

STRENGHT FITNESS: PRYSIOLOGICAL PRENCEPLES AND TRAINING TECHNIQUES / (Record no. 11700)

MARC details
000 -الفاتح
حقل البيانات ثابتة الطول 00508nam a2200181Ia 4500
008 - عناصر البيانات ثابتة الطول - معلومات عامة
حقل البيانات ثابتة الطول 140319s9999 xx 000 0 eng d
040 ## - مصدر الفهرسة
وكالة الفهرسة الأصلية GCL /
وكالة النسخ GCL
082 04 - رقم تصنيف ديوى العشرى
رقم التصنيف 613.71
رقم المادة W S
100 1# - المدخل الرئيسى - إسم شخصى
الإسم الشخصى WESTCOTT, WAYNE
245 10 - بيان العنوان
العنوان STRENGHT FITNESS: PRYSIOLOGICAL PRENCEPLES AND TRAINING TECHNIQUES /
بيان المسئوليه,etc WESTCOTT, WAYNE
260 ## - PUBLICATION, DISTRIBUTION, ETC. (IMPRINT)
تاريخ النشر أو التوزيع 1995
300 ## - الوصف المادى
التعداد 206 P
650 04 - المدخل الاضافى بالموضوع-مصطلح موضوعى
مصطلح موضوعي FITNESS
650 04 - المدخل الاضافى بالموضوع-مصطلح موضوعى
مصطلح موضوعي PHYSIOLOGY
650 04 - المدخل الاضافى بالموضوع-مصطلح موضوعى
مصطلح موضوعي HEALTH
942 ## - عناصر المدخل الإضافي( كوها)
مصدر التصنيف او مخطط الترفيف Dewey Decimal Classification
Koha [default] item type كتاب
260 ## - PUBLICATION, DISTRIBUTION, ETC. (IMPRINT)
-- [S.N] :
-- W C B BROUN AND BENCHMSRK PUBBISHERS ،
Holdings
حالة التراجع حالة الفقد حالة تلف ليس للاعارة المكان المؤقت الموقع الحالى تاريخ الاكتساب اجمالي اﻻعارات رقم الطلب الباركود تاريخ اخر مشاهدة تاريخ تفعيل السعر نوع وعاء كوها
        مكتبة القاهرة الكبرى مكتبة القاهرة الكبرى 03/26/2014   613.71\W S 23014 03/26/2014 03/26/2014 كتاب
        مكتبة القاهرة الكبرى مكتبة القاهرة الكبرى 03/26/2014   613.71\W S 23015 03/26/2014 03/26/2014 كتاب

Powered By

EGPV